|
|
|
|
| LEADER |
00000cas a2200000 a 4500 |
| 001 |
vtls001116671 |
| 003 |
SK-MaSNL |
| 005 |
20260228160639.0 |
| 008 |
150826d19781991xo x| 0 0b0slo |
| 015 |
|
|
|a SNBA1979 (16/1979)
|
| 020 |
|
|
|a 8007001034 (brož. : 22/1989)
|
| 020 |
|
|
|a 8007004858 (brož. : 23/1991)
|
| 022 |
|
|
|a 0554-1700
|
| 035 |
|
|
|a SNK000059514
|
| 040 |
|
|
|a SNK
|b slo
|c SNK
|e AACR2
|
| 041 |
0 |
|
|a slo
|b rus
|b ang
|
| 044 |
|
|
|a xo
|c SK
|
| 072 |
|
7 |
|a 633
|x Rastlinná výroba
|2 konspekt
|
| 080 |
|
|
|a (082)
|2 2001
|
| 080 |
|
|
|a 633.2/.3
|2 2001
|
| 080 |
|
|
|a 633
|2 2001
|
| 210 |
0 |
|
|a Ved. pr. Výsk. úst. rastl. výroby Piešť., A, Krmov.
|
| 222 |
|
0 |
|a Vedecké práce Výskumného ústavu rastlinnej výroby v Piešťanoch. A. Krmoviny
|
| 245 |
0 |
0 |
|a Vedecké práce Výskumného ústavu rastlinnej výroby v Piešťanoch
|p Krmoviny
|
| 246 |
1 |
0 |
|a Krmoviny
|
| 246 |
1 |
1 |
|a Scientific papers of the Research Institute for Plant Production at Piešťany
|p Forage Crops
|
| 260 |
|
|
|a Bratislava
|b Príroda
|c 1978-1991
|
| 300 |
|
|
|a 9 zv.
|b tab.
|c 24 cm
|
| 310 |
|
|
|a Nepravidelne
|
| 362 |
0 |
|
|a Roč. 15 (1978)-roč. 23 (1991)
|
| 500 |
|
|
|a Tlač. Nitrianske tlačiarne, n.p., Nitra
|
| 504 |
|
|
|a Bibliograf. odkazy
|
| 546 |
|
|
|a Res. v rus. a angl.
|
| 550 |
|
|
|a Vyd. Výskumný ústav rastlinnej výroby v Piešťanoch vo vydavateľstve Príroda, vydavateľstvo kníh a časopisov, n.p. v Bratislave
|
| 580 |
|
|
|a Vznik rozčlenením: Vedecké práce Výskumného ústavu rastlinnej výroby v Piešťanoch, od r. 1992 znovu spojené do: Vedecké práce Výskumného ústavu rastlinnej výroby v Piešťanoch, bez podnázvu
|
| 650 |
0 |
7 |
|a krmoviny
|2 SNKPH
|9 14432
|
| 650 |
0 |
7 |
|a rastlinná výroba
|2 SNKPH
|9 2835
|
| 655 |
|
7 |
|a zborníky
|2 SNKPH
|9 70165
|
| 710 |
2 |
|
|a Výskumný ústav rastlinnej výroby (Piešťany, Slovensko)
|4 pbl
|9 32790
|
| 780 |
0 |
0 |
|t Vedecké práce Výskumného ústavu rastlinnej výroby v Piešťanoch
|w 0507-5432
|w vtls008339449
|
| 785 |
0 |
0 |
|t Vedecké práce Výskumného ústavu rastlinnej výroby v Piešťanoch
|w 0507-5432
|w vtls008339449
|
| 910 |
|
|
|a snk
|
| 916 |
|
|
|a 1978, 1979, 1981, 1983, 1985, 1987, 1989, 1991
|
| 919 |
|
|
|a 80-07-00103-4
|
| 919 |
|
|
|a 80-07-00485-8
|
| 958 |
|
|
|a NB
|
| 999 |
|
|
|c 3187
|d 5117
|
| 952 |
|
|
|0 0
|1 0
|4 0
|7 0
|a SNK
|b SNK
|d 2015-05-12
|f 1
|i snkKSP 9174/91
|l 0
|o snkČSC 1081/A/23/1991
|p 17A0814054
|r 2026-02-21 21:34:09
|w 2026-02-21
|y PREZ
|
| 952 |
|
|
|0 0
|1 0
|4 0
|7 0
|a SNK
|b SNK
|d 2015-05-12
|f 1
|i snkKSP 10639/89
|l 0
|o snkČSC 1081/A/22/1989
|p 17A0814003
|r 2026-02-21 21:34:09
|w 2026-02-21
|y PREZ
|
| 952 |
|
|
|0 0
|1 0
|4 0
|7 0
|a SNK
|b SNK
|d 2015-05-12
|f 1
|i snkKSP 1511/88
|l 0
|o snkČSC 1081/A/21/1987
|p 17A0813999
|r 2026-02-21 21:34:09
|w 2026-02-21
|y PREZ
|
| 952 |
|
|
|0 0
|1 0
|4 0
|7 0
|a SNK
|b SNK
|d 2015-05-12
|f 1
|i snkKSP 9057/85
|l 0
|o snkČSC 1081/A/20/1985
|p 17A0813997
|r 2026-02-21 21:34:09
|w 2026-02-21
|y PREZ
|
| 952 |
|
|
|0 0
|1 0
|4 0
|7 0
|a SNK
|b SNK
|d 2015-05-12
|f 1
|i snkKSP 7276/83
|l 0
|o snkČSC 1081/A/19/1983
|p 17A0813996
|r 2026-02-21 21:34:09
|w 2026-02-21
|y PREZ
|
| 952 |
|
|
|0 0
|1 0
|4 0
|7 0
|a SNK
|b SNK
|d 2015-05-12
|f 1
|i snkKSP 8055/81
|l 0
|o snkČSC 1081/A/18/1981
|p 17A0813994
|r 2026-02-21 21:34:09
|w 2026-02-21
|y PREZ
|
| 952 |
|
|
|0 0
|1 0
|4 0
|7 0
|a SNK
|b SNK
|d 2015-05-12
|f 1
|i snkKSP 4685/79
|l 0
|o snkČSC 1081/A/16/1979
|p 17A0813659
|r 2026-02-21 21:34:09
|w 2026-02-21
|y PREZ
|
| 952 |
|
|
|0 0
|1 0
|4 0
|7 0
|a SNK
|b SNK
|d 2015-05-12
|f 1
|i snkKSP 47/79
|l 0
|o snkČSC 1081/A/15/1978
|p 17A0813657
|r 2026-02-21 21:34:09
|w 2026-02-21
|y PREZ
|